Effects of electron beam irradiation on mechanical properties of PP/EPDM nanocomposites (Record no. 58324)

MARC details
000 -LEADER
fixed length control field 01398nam a2200241Ia 4500
100 ## - MAIN ENTRY--AUTHOR NAME
Personal name Anuar H
245 #0 - TITLE STATEMENT
Title Effects of electron beam irradiation on mechanical properties of PP/EPDM nanocomposites
260 ## - PUBLICATION, DISTRIBUTION, ETC. (IMPRINT)
Name of publisher Journal of Rubber Research
Year of publication 2011
300 ## - PHYSICAL DESCRIPTION
Number of Pages 123-128
500 ## - GENERAL NOTE
General note Source Year: 2011
520 ## - SUMMARY, ETC.
Summary, etc Nanocomposites are materials created by introducing nanoparticulates commonly referred to as a filler into the matrix. Blends of polypropylene (PP)/ethylene propylene diene monomer (EPDM)/montmorillonite (MMT) were treated by compatibiliser maleic anhydride polypropylene (MAPP) and irradiated using an electron beam. The effects on mechanical properties for both samples were compared with the untreated nanocomposites. The effects of montmorillonite clay loading on mechanical properties of PP/EPDM/MMT were investigated. The d-spacings of the clay in nanocomposites were examined using x-ray diffraction (XRD) and the extent of delamination was observed by a transmission electron microscope (TEM).
650 ## - SUBJECT ADDED ENTRY--TOPICAL TERM
Topical Term Electron beam irradiation
650 ## - SUBJECT ADDED ENTRY--TOPICAL TERM
Topical Term Maleic anhydride polypropylene
650 ## - SUBJECT ADDED ENTRY--TOPICAL TERM
Topical Term Mechanical properties
650 ## - SUBJECT ADDED ENTRY--TOPICAL TERM
Topical Term Montomorillonite clay
650 ## - SUBJECT ADDED ENTRY--TOPICAL TERM
Topical Term Nanocomposite
650 ## - SUBJECT ADDED ENTRY--TOPICAL TERM
Topical Term Nanoparticulates
650 ## - SUBJECT ADDED ENTRY--TOPICAL TERM
Topical Term Polymer blend
700 ## - ADDED ENTRY--PERSONAL NAME
Personal name Jamal N A
700 ## - ADDED ENTRY--PERSONAL NAME
Personal name Shamsul Bahri A R
942 ## - ADDED ENTRY ELEMENTS (KOHA)
Koha item type Journals
Holdings
Withdrawn status Lost status Damaged status Not for loan Home library Current library Shelving location Date acquired Serial Enumeration / chronology Koha item type
      Journals RRII Library RRII Library Rubber technology 11/11/2011 Volume 14, Issue 3 Journals